00365nam a2200097Ia 4500008004100000100002100041245010800062245003900170650001300209856004500222170221s9999 xx 000 0 und d aMichael Gaffikin 4aThe Moral Reasoning of Public Accountants in the Development of a Code of Ethics: the Case of Indonesia cMichael Gaffikin and ASL Lindawati xBusiness uhttp://ro.uow.edu.au/aabfj/vol6/iss1/10/